Juego de construcción: caminos, puentes y túneles

Guardat en:
Dades bibliogràfiques
Autors principals: Sarlé, Patricia (Autor), Rodríguez Sáenz, Inés (Autor), Rodríguez, Elvira (Autor)
Format: Llibre
Idioma:espanyol
Publicat: Buenos Aires Unicef 2014
Buenos Aires Organización de Estados Iberoamericanos para la Educación 2014
Edició:1a. ed
Col·lecció:El Juego en el Nivel Inicial. Propuestas de Enseñanza, 6
Matèries:
Etiquetes: Afegir etiqueta
Sense etiquetes, Sigues el primer a etiquetar aquest registre!

MARC

LEADER 00000cam a2200000 a 4500
001 UCD6177
003 CL-VaPUC
008 161118e20140000ag |||||||||||||||||spa|d
020 |a 9789873753336 
082 0 4 |a 371.337  |b SAR  |2 21 
100 0 |a Sarlé, Patricia  |e author  |9 589893 
700 0 |a Rodríguez Sáenz, Inés  |e author  |9 589894 
700 0 |a Rodríguez, Elvira  |e author  |9 589895 
245 1 0 |a Juego de construcción: caminos, puentes y túneles 
250 |a 1a. ed 
300 |a 52 p 
942 |c BK 
945 |d 20161118 09:36:00  |a arojas 
260 |a Buenos Aires  |b Unicef  |c 2014 
260 |a Buenos Aires  |b Organización de Estados Iberoamericanos para la Educación  |c 2014 
650 0 |a Juegos infantiles  |9 307365 
650 0 |a Juegos recreativos  |9 395884 
650 0 |a Juegos educativos  |9 307366 
650 0 |a Educación preescolar  |9 260381 
650 0 |a Métodos de enseñanza  |9 270413 
583 |a last modification  |c 20161118 09:36:00  |k Rodrigo Vera 
490 0 |a El Juego en el Nivel Inicial. Propuestas de Enseñanza, 6 
999 |c 366549  |d 366547 
952 |0 0  |1 0  |3 erb  |4 0  |6 371_337000000000000_SAR_2014_2014  |7 0  |8 A  |9 480835  |a BIBEDU  |b BIBEDU  |i 5349753  |o 371.337 SAR 2014 2014  |p 5349753  |r 2019-11-24  |w 2019-11-24  |y BK  |z Catalogado en:20161118  |k EPE